000
00314nam a2200133Ia 4500
008
240624s9999 xx 000 0 und d
041
_a
eng
082
_a
823 SIN
100
_a
SINGH KHUSHWANT
245
_a
BURIAL AT SEA
260
_c
2004
_a
New Delhi
_b
Penguin Books
300
_a
198 : p. : cm. ; 17
365
_c
RS
999
_c
3813
_d
3813